Délmagyarország. - 1926. január 5., Kedd
Elmentve itt :
| Dokumentumtípus: | Újság |
|---|---|
| Megjelent: |
1926-01-05
|
| Sorozat: | Délmagyarország
2 No. 3 |
| Online Access: | http://dmarchiv.bibl.u-szeged.hu/4896 |
| LEADER | 00480nas a2200145 i 4500 | ||
|---|---|---|---|
| 001 | delm4896 | ||
| 005 | 20200414151159.0 | ||
| 008 | 171213s1926 hu n o 0|| hun d | ||
| 022 | |a 0133-025X | ||
| 040 | |a SZTE Délmagyarország Archívum |b hun | ||
| 041 | |a hun | ||
| 245 | 0 | 0 | |a Délmagyarország. - 1926. január 5., Kedd |h [elektronikus dokumentum] |
| 260 | |c 1926-01-05 | ||
| 490 | 0 | |a Délmagyarország |v 2 No. 3 | |
| 856 | 4 | 0 | |u http://dmarchiv.bibl.u-szeged.hu/4896/1/dm_1926_003.pdf |z Dokumentum-elérés |